Electrochemistry at solid electrodes

Guardat en:
Dades bibliogràfiques
Autor principal: Adams, Ralph N (Autor)
Format: Llibre
Idioma:anglès
Publicat: Nueva York Marcel Dekker 1969
Col·lecció:Monographs in Electroanalytical Chemistry and Electrochemistry
Matèries:
Etiquetes: Afegir etiqueta
Sense etiquetes, Sigues el primer a etiquetar aquest registre!

MARC

LEADER 00000nam a2200000 a 4500
001 UCT4015
003 CL-VaPUC
008 961105e19690000US |||||||||||||||||eng|d
082 0 4 |a 541.37  |b ADA  |2 21 
100 0 |a Adams, Ralph N  |e author  |9 373103 
245 1 0 |a Electrochemistry at solid electrodes 
300 |a 402 p 
942 |c BK 
945 |d 19961105 00:00:00  |a paguirre 
260 |a Nueva York  |b Marcel Dekker  |c 1969 
650 0 |a Electroquímica  |9 263973 
650 7 |a ELECTRODOS  |2 CL-VaPUC  |9 306983 
650 0 |a Reacciones químicas  |9 259438 
650 0 |a Corrientes eléctricas   |9 354960 
583 |a last modification  |c 20130123 01:26:00  |k Rodrigo Vera 
490 0 |a Monographs in Electroanalytical Chemistry and Electrochemistry 
999 |c 253483  |d 253481 
952 |0 0  |1 0  |4 0  |6 541_370000000000000_ADA_1969  |7 0  |8 A  |9 274357  |a BIBCUR  |b BIBCUR  |d 2019-11-19  |i 1784420  |o 541.37 ADA 1969  |p 1784420  |r 2025-04-22  |w 2019-11-19  |y BK  |k QUI